000 00268nam a22001097a 4500
008 170126b xxu||||| |||| 00| 0 eng d
020 _a9780195059021
041 _aeng
080 _23RD
_a61
245 _aPRINCIPLES OF BIOMEDICAL ETHICS
_cBEAUCHAMP, T.L
942 _2udc
_cBK
999 _c3730
_d3730